| 000 | 01557cam a2200241 4500 | ||
|---|---|---|---|
| 001 | ABS66642 | ||
| 008 | 030414n2003 000 0 eng u | ||
| 035 | _a(Sirsi) u121978 | ||
| 100 | _aLochhead, G. | ||
| 245 | _aNitrates - be ready to keep muck in reserve | ||
| 260 | _c2003 | ||
| 490 |
_aFarmers' Weekly _v138(15) 28 March 2003, S12-S13(2) |
||
| 520 | _aDiscusses the need for greater slurry storage capacity on farms in the wake of the EC Nitrates Directive in order to meet the closed spreading period. Farmers are being encouraged to develop a farm waste management plan in order to organise where, when and at what rate they should spread organic manure as well as to evaluate their storage needs and spreading system. Also explains when farmers can and can't spread organic manure, the need to keep up-to-date records, storage requirements (which need to conform to the Control of Pollution (Silage, Slurry and Agricultural Fuel Oil) Regulations 1991 (amended 1997)) and what the Farm Waste Grant (Nitrate Vulnerable Zones) Scheme covers. A booklet is available from the Rural Development Scheme (RDS), Block 7, Government Buildings, Chalfont Drive, Nottingham NG8 3SN or t +44 (0)115 929 1191. | ||
| 590 | _aABS | ||
| 650 | _aORGANIC WASTE | ||
| 650 | _aSLURRY | ||
| 650 | _aNITRATE VULNERABLE ZONES | ||
| 650 | _aDIRECTIVE 91/676/EEC | ||
| 650 | _aFARM WASTE MANAGEMENT PLANS | ||
| 650 | _aCONTROL OF POLLUTION (SILAGE, SLURRY AND AGRICULTURAL FUEL OIL) REGULATIONS 1991 | ||
| 690 | _aRURAL-AGRICULTURE AND FORESTRY | ||
| 942 | _n0 | ||
| 999 |
_c72489 _d72489 |
||